[Event "Bahn-chGT"]
[Site "Winterberg"]
[Date "2004.10.01"]
[Round "6"]
[White "Genster, Dirk"]
[Black "Roth, Manfred"]
[Result "1-0"]
[WhiteElo "1961"]
[BlackElo "1698"]
[PlyCount "89"]
[EventDate "2004.09.26"]
[EventType "swiss"]
[EventRounds "7"]
[EventCountry "GER"]
[SourceTitle "EXT 2013"]
[Source "ChessBase"]
[SourceDate "2012.11.22"]
[SourceVersion "1"]
[SourceVersionDate "2012.11.22"]
[SourceQuality "1"]

1. d4 d5 2. c4 e6 3. Nc3 c6 4. e3 Bd6 5. Nf3 Nf6 6. Bd3 dxc4 7. Bxc4 Nbd7 8. 0-0 Qc7 9. Qc2 e5 10. h3 h6 11. b3 Nd5 12. Bb2 0-0 13. Ne4 b5 14. Nxd6 Qxd6 15. Bxd5 Qxd5 16. dxe5 c5 17. Rfd1 Qb7 18. Rd6 Re8 19. Rad1 Nf8 20. Qxc5 Bxh3 21. Qd5 Bc8 22. Nd4 a6 23. f4 Qa7 24. Nc2 Bb7 25. Qd4 Qb8 26. e6 f6 27. f5 Qc8 28. Nb4 Qb8 29. Nd5 Bxd5 30. Qxd5 Ra7 31. e7+ Kh8 32. exf8Q+ Rxf8 33. Rd8 Rxd8 34. Qxd8+ Qxd8 35. Rxd8+ Kh7 36. Bd4 Rc7 37. Ra8 Rc1+ 38. Kh2 Rf1 39. Rxa6 Rxf5 40. a4 bxa4 41. bxa4 Rf1 42. a5 Rd1 43. Rc6 Rd2 44. a6 Ra2 45. a7 1-0

[Event "Bahn-chGT"]
[Site "Winterberg"]
[Date "2004.09.30"]
[Round "5"]
[White "Roth, Manfred"]
[Black "Seyffarth, Renate"]
[Result "1/2-1/2"]
[WhiteElo "1698"]
[BlackElo "1737"]
[PlyCount "90"]
[EventDate "2004.09.26"]
[EventType "swiss"]
[EventRounds "7"]
[EventCountry "GER"]
[SourceTitle "EXT 2013"]
[Source "ChessBase"]
[SourceDate "2012.11.22"]
[SourceVersion "1"]
[SourceVersionDate "2012.11.22"]
[SourceQuality "1"]

1. d4 d5 2. c4 e6 3. Nc3 f5 4. cxd5 exd5 5. Nf3 c6 6. g3 Bd6 7. Bg5 Be7 8. Bf4 Nf6 9. Ne5 Be6 10. Bg2 Nbd7 11. 0-0 0-0 12. Rc1 Rc8 13. Na4 Nb6 14. a3 Nxa4 15. Qxa4 Qb6 16. Rc2 a6 17. Bd2 Qb5 18. Qxb5 axb5 19. Nd3 Bd6 20. Rfc1 Ra8 21. Bb4 Bxb4 22. Nxb4 Rfe8 23. Nd3 Nd7 24. Kf1 Ra4 25. e3 Nb6 26. Bf3 g5 27. Be2 Bf7 28. Bd1 Bg6 29. Re2 Bh5 30. Re1 Bxd1 31. Rexd1 Kg7 32. Re1 Re7 33. Re2 Ra5 34. f3 Ra8 35. Kf2 Kg6 36. h4 h6 37. hxg5 hxg5 38. Rh1 Rh7 39. Rxh7 Kxh7 40. Kg2 Kg7 41. Rc2 Rh8 42. b3 Ra8 43. Ra2 Kf6 44. Nf2 Nd7 45. e4 Nc5 1/2-1/2

[Event "Bahn-chGT"]
[Site "Winterberg"]
[Date "2004.09.28"]
[Round "3"]
[White "Roth, Manfred"]
[Black "Van Gils, Nico"]
[Result "1-0"]
[WhiteElo "1698"]
[BlackElo "1642"]
[PlyCount "75"]
[EventDate "2004.09.26"]
[EventType "swiss"]
[EventRounds "7"]
[EventCountry "GER"]
[SourceTitle "EXT 2013"]
[Source "ChessBase"]
[SourceDate "2012.11.22"]
[SourceVersion "1"]
[SourceVersionDate "2012.11.22"]
[SourceQuality "1"]

1. d4 d5 2. c4 e6 3. Nc3 Nf6 4. Bg5 Nbd7 5. Nf3 Be7 6. e3 0-0 7. Bd3 dxc4 8. Bxc4 Re8 9. 0-0 Nf8 10. e4 N6d7 11. Bf4 c6 12. d5 Nb6 13. Bb3 exd5 14. exd5 Bd6 15. Bg5 Qc7 16. Rc1 a6 17. dxc6 bxc6 18. Nd5 Nxd5 19. Bxd5 Bb7 20. Qa4 c5 21. Bxb7 Qxb7 22. Rcd1 Re4 23. Qc2 Re6 24. Qd2 Rg6 25. Qd5 Rb8 26. b3 h6 27. Be3 Qb4 28. h3 Re6 29. Rc1 Rc8 30. Rc4 Qb5 31. b4 Nd7 32. Nd4 Nb6 33. Nxb5 Nxd5 34. Nxd6 Rxd6 35. Rxc5 Rxc5 36. Bxc5 Re6 37. a3 Re2 38. Rd1 1-0

[Event "Bahn-chG"]
[Site "Bad Wildungen"]
[Date "2000.09.30"]
[Round "7"]
[White "Roth, Manfred"]
[Black "Polakowski, Jan"]
[Result "1/2-1/2"]
[WhiteElo "1683"]
[BlackElo "1965"]
[PlyCount "30"]
[EventDate "2000.09.24"]
[EventType "swiss"]
[EventRounds "7"]
[EventCountry "GER"]
[SourceTitle "EXT 2003"]
[Source "ChessBase"]
[SourceDate "2002.11.25"]
[SourceVersion "1"]
[SourceVersionDate "2002.11.25"]
[SourceQuality "1"]

1. d4 Nf6 2. c4 c5 3. d5 b5 4. Qc2 d6 5. e4 g6 6. cxb5 Bg7 7. Nc3 0-0 8. Be2 a6 9. bxa6 Bxa6 10. Rb1 Qa5 11. Bd2 Nbd7 12. Bxa6 Qxa6 13. Nge2 Ne5 14. 0-0 Nc4 15. f3 Rfb8 1/2-1/2

[Event "Bahn-chG"]
[Site "Bad Wildungen"]
[Date "2000.09.28"]
[Round "5"]
[White "Roth, Manfred"]
[Black "Suijdendorp, Frans"]
[Result "1/2-1/2"]
[WhiteElo "1683"]
[BlackElo "1801"]
[PlyCount "49"]
[EventDate "2000.09.24"]
[EventType "swiss"]
[EventRounds "7"]
[EventCountry "GER"]
[SourceTitle "EXT 2003"]
[Source "ChessBase"]
[SourceDate "2002.11.25"]
[SourceVersion "1"]
[SourceVersionDate "2002.11.25"]
[SourceQuality "1"]

1. d4 Nf6 2. c4 g6 3. Nc3 d5 4. Nf3 Bg7 5. Bg5 c6 6. e3 Nbd7 7. Bd3 Nb6 8. b3 Bg4 9. h3 Bxf3 10. Qxf3 Qd7 11. c5 Nc8 12. Rc1 h6 13. Bf4 0-0 14. 0-0 Nh7 15. Rfd1 e6 16. Qg3 Ne7 17. Qf3 f5 18. Bd6 Rf7 19. Qg3 Nf8 20. Ne2 Bf6 21. f3 Rg7 22. e4 dxe4 23. fxe4 fxe4 24. Bxe4 Nf5 25. Bxf5 1/2-1/2

[Event "Bahn-chG"]
[Site "Bad Wildungen"]
[Date "2000.09.27"]
[Round "4"]
[White "Steenhoudt, Guido"]
[Black "Roth, Manfred"]
[Result "0-1"]
[WhiteElo "1794"]
[BlackElo "1683"]
[PlyCount "58"]
[EventDate "2000.09.24"]
[EventType "swiss"]
[EventRounds "7"]
[EventCountry "GER"]
[SourceTitle "EXT 2003"]
[Source "ChessBase"]
[SourceDate "2002.11.25"]
[SourceVersion "1"]
[SourceVersionDate "2002.11.25"]
[SourceQuality "1"]

1. e4 e5 2. Nf3 Nc6 3. Nc3 d6 4. d4 exd4 5. Nxd4 Nxd4 6. Qxd4 c6 7. a4 Nf6 8. Bg5 Be7 9. 0-0-0 0-0 10. f4 Ne8 11. Bxe7 Qxe7 12. h3 a6 13. g4 b5 14. a5 Bb7 15. Bg2 c5 16. Nd5 Qd8 17. Qd2 Bxd5 18. Qxd5 Rc8 19. Qb7 Rb8 20. Qxa6 Ra8 21. Qxb5 Rxa5 22. Qb3 Nc7 23. c3 Rb5 24. Qc2 Qf6 25. Qf2 Rfb8 26. Rd2 Qe6 27. b4 cxb4 28. c4 Rc5 29. Kb2 Rxc4 0-1

[Event "Bahn-chG"]
[Site "Bad Wildungen"]
[Date "2000.09.25"]
[Round "2"]
[White "Rudolf, Theo"]
[Black "Roth, Manfred"]
[Result "0-1"]
[WhiteElo "1401"]
[BlackElo "1683"]
[PlyCount "56"]
[EventDate "2000.09.24"]
[EventType "swiss"]
[EventRounds "7"]
[EventCountry "GER"]
[SourceTitle "EXT 2003"]
[Source "ChessBase"]
[SourceDate "2002.11.25"]
[SourceVersion "1"]
[SourceVersionDate "2002.11.25"]
[SourceQuality "1"]

1. d4 d5 2. Nc3 Nf6 3. Bf4 c6 4. e3 Bf5 5. h3 e6 6. a3 Bd6 7. Bxd6 Qxd6 8. Nf3 Nbd7 9. g4 Be4 10. Nxe4 Nxe4 11. Bd3 f5 12. Rg1 g6 13. c3 0-0-0 14. b4 Nxc3 15. Qc2 Ne4 16. Rc1 Kb8 17. Bxe4 fxe4 18. Nd2 Rhf8 19. Rg2 e5 20. Rb1 Rc8 21. Nb3 Rf3 22. h4 Rh3 23. Nc5 exd4 24. exd4 Nxc5 25. bxc5 Qf6 26. Qb2 Rh1+ 27. Kd2 Rxb1 28. Qxb1 Qxd4+ 0-1

[Event "Bahn-chG"]
[Site "Bad Wildungen"]
[Date "2000.09.24"]
[Round "1"]
[White "Roth, Manfred"]
[Black "Gaensmantel, Alfons"]
[Result "0-1"]
[WhiteElo "1683"]
[BlackElo "1938"]
[PlyCount "50"]
[EventDate "2000.09.24"]
[EventType "swiss"]
[EventRounds "7"]
[EventCountry "GER"]
[SourceTitle "EXT 2003"]
[Source "ChessBase"]
[SourceDate "2002.11.25"]
[SourceVersion "1"]
[SourceVersionDate "2002.11.25"]
[SourceQuality "1"]

1. d4 Nf6 2. c4 e6 3. Nc3 Bb4 4. Bg5 h6 5. Bxf6 Qxf6 6. Nf3 c5 7. e3 Nc6 8. Rc1 cxd4 9. exd4 0-0 10. Be2 d5 11. 0-0 dxc4 12. Bxc4 Rd8 13. a3 Ba5 14. b4 Bb6 15. d5 Nd4 16. Nxd4 Bxd4 17. Qb3 e5 18. Ne4 Qg6 19. Ng3 f5 20. Qd3 Kh8 21. Kh1 a6 22. a4 Bb2 23. Rc2 e4 24. Qe3 Be5 25. f4 Bb8 0-1

[Event "Gemuend op"]
[Site "Gemuend"]
[Date "1999.10.30"]
[Round "7"]
[White "Van Gils, Nico"]
[Black "Roth, Manfred"]
[Result "1-0"]
[WhiteElo "1582"]
[BlackElo "1728"]
[PlyCount "101"]
[EventDate "1999.10.24"]
[EventType "swiss"]
[EventRounds "7"]
[EventCountry "GER"]
[SourceTitle "EXT 2003"]
[Source "ChessBase"]
[SourceDate "2002.11.25"]
[SourceVersion "1"]
[SourceVersionDate "2002.11.25"]
[SourceQuality "1"]

1. d4 c5 2. e3 d5 3. b3 Nf6 4. Nf3 e6 5. Be2 Bd6 6. dxc5 Bxc5 7. 0-0 0-0 8. Bb2 Nbd7 9. c4 dxc4 10. Bxc4 b6 11. Qe2 Bb7 12. Rd1 Qc7 13. Nbd2 Rad8 14. Nf1 Rfe8 15. Rac1 Qb8 16. Bb5 Rf8 17. a3 Qa8 18. Ne1 a6 19. Bxd7 Nxd7 20. b4 Be7 21. Rc7 Bc6 22. Ng3 Bf6 23. Nh5 Bxb2 24. Qxb2 f6 25. Qe2 Rf7 26. Nf4 Re8 27. Rd6 Bb5 28. Qa2 Qe4 29. Rxe6 Rxe6 30. Qxe6 Qxe6 31. Nxe6 Re7 32. Nd4 Ba4 33. Ra7 Bb5 34. Nxb5 axb5 35. Nf3 Kf8 36. Nd4 Ke8 37. Nxb5 Kf7 38. Nc3 Ke6 39. a4 Kd6 40. a5 bxa5 41. Rxa5 Re8 42. Kf1 Rc8 43. Ne4+ Kc7 44. Nc5 Nxc5 45. Rxc5+ Kb7 46. Rxc8 Kxc8 47. Ke2 Kc7 48. Kd3 Kc6 49. Kc4 h5 50. f4 f5 51. h4 1-0

[Event "Gemuend op"]
[Site "Gemuend"]
[Date "1999.10.27"]
[Round "5"]
[White "Genster, Dirk"]
[Black "Roth, Manfred"]
[Result "1-0"]
[WhiteElo "2080"]
[BlackElo "1728"]
[PlyCount "65"]
[EventDate "1999.10.24"]
[EventType "swiss"]
[EventRounds "7"]
[EventCountry "GER"]
[SourceTitle "EXT 2003"]
[Source "ChessBase"]
[SourceDate "2002.11.25"]
[SourceVersion "1"]
[SourceVersionDate "2002.11.25"]
[SourceQuality "1"]

1. d4 d5 2. Nf3 Nf6 3. c4 c6 4. Nc3 e6 5. e3 Bd6 6. Qc2 Nbd7 7. Bd3 dxc4 8. Bxc4 Nd5 9. 0-0 Qc7 10. Ne4 N7f6 11. Nxd6+ Qxd6 12. a3 Ne7 13. e4 Qc7 14. h3 h6 15. Be3 0-0 16. Rac1 Qa5 17. Ne5 Nd7 18. Ng4 Nb6 19. Ba2 Nd7 20. f4 h5 21. Nh2 g6 22. g4 Kg7 23. Bd2 Qd8 24. Bc3 Rg8 25. d5+ Kh7 26. d6 Nd5 27. exd5 cxd5 28. Nf3 f6 29. gxh5 Qb6+ 30. Bd4 Qxd6 31. Nh4 e5 32. hxg6+ Kh8 33. Qe2 1-0

[Event "Gemuend op"]
[Site "Gemuend"]
[Date "1999.10.25"]
[Round "2"]
[White "Schmidt, Volker"]
[Black "Roth, Manfred"]
[Result "1/2-1/2"]
[WhiteElo "1843"]
[BlackElo "1728"]
[PlyCount "37"]
[EventDate "1999.10.24"]
[EventType "swiss"]
[EventRounds "7"]
[EventCountry "GER"]
[SourceTitle "EXT 2003"]
[Source "ChessBase"]
[SourceDate "2002.11.25"]
[SourceVersion "1"]
[SourceVersionDate "2002.11.25"]
[SourceQuality "1"]

1. d4 d5 2. c4 c6 3. cxd5 cxd5 4. Nc3 Nc6 5. Nf3 Nf6 6. Bf4 e6 7. e3 a6 8. a3 Bd6 9. Bg5 h6 10. Bh4 Be7 11. Bd3 Nh5 12. Bxe7 Qxe7 13. 0-0 Nf6 14. Na4 Nd7 15. b4 b5 16. Nc5 Nb6 17. Qb3 Bb7 18. Rfc1 Nc4 19. Ra2 1/2-1/2